| 000 | 00614nam a2200193 a 4500 | ||
|---|---|---|---|
| 005 | 20240924071428.0 | ||
| 008 | 991125s1982 es 000 0 spa u | ||
| 035 | _aUPN01000031901 | ||
| 049 | _aF | ||
| 050 | 4 |
_aLB1715 _bG3.3 |
|
| 100 | 1 |
_aGage, Nathaniel Lee, _d1917-2008 _931429 |
|
| 245 | 1 | 0 |
_aFormación de los maestros : _bbasada en la actuación docente / _cN. L. Gage, Philip H. Winne. |
| 260 |
_aMadrid : _bOEI, _c1982. |
||
| 300 | _a39 p. | ||
| 440 | 0 |
_aCuadernos de capacitación docente ; _v7 |
|
| 650 | 4 |
_aMaestros _xFormación profesional _9804 |
|
| 700 | 1 |
_aWinne, Philip H., _ecoaut. |
|
| 905 | _aLibro | ||
| 999 |
_c31901 _d31901 |
||